Retail warehouses are top of the shops for investors (Record no. 82209)

MARC details
000 -LEADER
fixed length control field 01036cam a22001935a 4500
001 - CONTROL NUMBER
control field L149554
008 - FIXED-LENGTH DATA ELEMENTS--GENERAL INFORMATION
fixed length control field 100319e20100108xxk 000 0 eng d
035 ## - SYSTEM CONTROL NUMBER
System control number (Sirsi) u149554
041 0# - LANGUAGE CODE
Language code of text/sound track or separate title eng
110 2# - MAIN ENTRY--CORPORATE NAME
Corporate name or jurisdiction name as entry element Property Week
9 (RLIN) 1549
245 00 - TITLE STATEMENT
Title Retail warehouses are top of the shops for investors
260 ## - PUBLICATION, DISTRIBUTION, ETC.
Date of publication, distribution, etc. 2010
490 ## - SERIES STATEMENT
Series statement Property Week
Volume/sequential designation 76(10) 12 March 2010, 40(1)
520 ## - SUMMARY, ETC.
Summary, etc. Cushman and Wakefield's February monthly yields analysis highlights retail warehouses and London offices as the two most popular UK sectors for investors in a market still plateauing. However yields for retail warehouses and prime London West End offices both fell by 25 basis points in February. The 'flipping' of properties purchased in 2009 is increasing in all sectors but available prime stock is generally hard to find and aggressive bidding continues. Table covers prime yields by sector.
590 ## - LOCAL NOTE (RLIN)
Local note KA
651 #4 - SUBJECT ADDED ENTRY--GEOGRAPHIC NAME
Geographic name United Kingdom
Chronological subdivision
690 ## - LOCAL SUBJECT ADDED ENTRY--TOPICAL TERM (OCLC, RLIN)
Topical term or geographic name as entry element PROPERTY-COMMERCIAL PROPERTY-COMMERCIAL PROPERTY FINANCE AND INVESTMENT
942 ## - ADDED ENTRY ELEMENTS (KOHA)
Suppress in OPAC 0
Holdings
Withdrawn status Lost status Source of classification or shelving scheme Damaged status Not for loan Home library Current library Shelving location Date acquired Total Checkouts Full call number Barcode Date last seen Copy number Price effective from Koha item type
    Dewey Decimal Classification     London London Journal article 19/03/2010   L149554 149554-1001 06/08/2019 1 06/08/2019 Journal article